El gran amor : (Registro nro. 6479)
[ vista simple ]
| 000 -LEADER | |
|---|---|
| fixed length control field | 01563nam a22002777a 4500 |
| 003 - CONTROL NUMBER IDENTIFIER | |
| control field | OSt |
| 005 - DATE AND TIME OF LATEST TRANSACTION | |
| control field | 20250627123838.0 |
| 008 - FIXED-LENGTH DATA ELEMENTS--GENERAL INFORMATION | |
| fixed length control field | 200211s2016 ck ||||er|||| 00| p spa d |
| 020 ## - INTERNATIONAL STANDARD BOOK NUMBER | |
| International Standard Book Number | 9789587724905 |
| 040 ## - CATALOGING SOURCE | |
| Original cataloging agency | CO-JMCR |
| Transcribing agency | CO-JMCR |
| 041 0# - LANGUAGE CODE | |
| Language code of text/sound track or separate title | spa |
| 082 ## - DEWEY DECIMAL CLASSIFICATION NUMBER | |
| Classification number | A-P |
| Item number | FLOg |
| 100 1# - MAIN ENTRY--PERSONAL NAME | |
| Personal name | Flórez Moya, Cicerón, |
| Relator term | autor |
| 9 (RLIN) | 391 |
| 245 13 - TITLE STATEMENT | |
| Title | El gran amor : |
| Remainder of title | poemas / |
| Statement of responsibility, etc. | Cicerón Flórez Moya |
| 250 ## - EDITION STATEMENT | |
| Edition statement | Primera edición |
| 260 ## - PUBLICATION, DISTRIBUTION, ETC. | |
| Place of publication, distribution, etc. | Bogotá : |
| Name of publisher, distributor, etc. | Universidad Externado de Colombia, |
| Date of publication, distribution, etc. | 2016 |
| 300 ## - PHYSICAL DESCRIPTION | |
| Extent | 76 páginas ; |
| Dimensions | 15 cm. |
| 490 0# - SERIES STATEMENT | |
| Series statement | Un libro por centavos ; |
| Volume/sequential designation | N° 123 |
| 500 ## - GENERAL NOTE | |
| General note | Incluye datos biográficos del autor. |
| 520 ## - SUMMARY, ETC. | |
| Summary, etc. | El deslumbramiento de Cicerón Flórez Moya por las manifestaciones del amor y el acertado empleo de la palabra para describirlo es palpable a todo lo largo de su libro "El gran amor" que ahora nos entrega. Casi podría decir, sin temor a exagerar, que en la poética de Flórez, el amor y la palabra que lo nombra son una misma cosa, una confluencia, como la unión del vino y el cántaro. En su obra la palabra es la materia prima de la poesía, y como tal es algo vivo que el poeta maneja a voluntad para dar sentido a lo escrito y configurar la unidad tonal del libro. "El gran amor" es el testimonio de una vida consagrada por entero al ejercicio intelectual y expresa las experiencias del escritor frente al mundo que lo rodea. |
| 650 14 - SUBJECT ADDED ENTRY--TOPICAL TERM | |
| Topical term or geographic name entry element | Poesía colombiana |
| 9 (RLIN) | 373 |
| 650 14 - SUBJECT ADDED ENTRY--TOPICAL TERM | |
| Topical term or geographic name entry element | Amor |
| General subdivision | poesías |
| 9 (RLIN) | 392 |
| 650 14 - SUBJECT ADDED ENTRY--TOPICAL TERM | |
| Topical term or geographic name entry element | Memoria |
| General subdivision | poesías |
| 9 (RLIN) | 393 |
| 650 14 - SUBJECT ADDED ENTRY--TOPICAL TERM | |
| Topical term or geographic name entry element | Vida cotidiana |
| General subdivision | poesías |
| 9 (RLIN) | 394 |
| 942 ## - ADDED ENTRY ELEMENTS (KOHA) | |
| Source of classification or shelving scheme | Dewey Decimal Classification |
| Koha item type | Books |
| Withdrawn status | Lost status | Source of classification or shelving scheme | Damaged status | Not for loan | Collection code | Home library | Current library | Shelving location | Date acquired | Source of acquisition | Cost, normal purchase price | Total Checkouts | Full call number | Barcode | Date last seen | Date last checked out | Copy number | Price effective from | Koha item type |
|---|---|---|---|---|---|---|---|---|---|---|---|---|---|---|---|---|---|---|---|
| Dewey Decimal Classification | Fiction | Biblioteca Pública José María del Castillo y Rada | Biblioteca Pública José María del Castillo y Rada | Processing Center | 12/27/2019 | Donación | 0.00 | 2 | A-P FLOg | 201809857 | 07/28/2025 | 07/25/2025 | Ej.1 | 02/11/2020 | Books |